00342nam a2200133 a 4500008004100000020001500041050001600056100002200072245004500094250001200139260002600151300002200177350000900199120416s0000 ||||||||||||||||| || u a0702142360 aHF 5718 Fie aFielding, Michael10aEffective communication in organizations a2nd ed. aCape TownbJutac1997 axiv, 618p. : ill. a0.00